[Event "23rd Dubai Open 2023"]
[Site "Dubai UAE"]
[Date "2023.06.01"]
[Round "6.16"]
[White "Yuffa, D.."]
[Black "Injac, Teodora"]
[Result "1-0"]
[WhiteElo "2592"]
[BlackElo "2402"]
[PlyCount "65"]
[EventDate "2023.05.27"]
[EventType "swiss"]
[EventRounds "9"]
[EventCountry "UAE"]
[SourceTitle "The Week in Chess 1491"]
[Source "Mark Crowther"]
[SourceDate "2023.06.05"]
[SourceVersion "1"]
[SourceVersionDate "2023.06.05"]
[SourceQuality "2"]

1. c4 c6 2. Nf3 d5 3. e3 Nf6 4. Nc3 e6 5. b3 Nbd7 6. Qc2 Bd6 7. Bb2 Qe7 8. Be2 O-O 9. Rg1 dxc4 10. bxc4 e5 11. g4 Nc5 12. g5 Ne8 13. h4 e4 14. Nd4 f6 15. gxf6 Rxf6 16. Nb3 Rxf2 17. Nxc5 Qxh4 18. O-O-O Bxc5 19. Nxe4 Rxe2 20. Nxc5 Bg4 21. Qe4 h5 22. Rdf1 Qd8 23. Bc3 Qd6 24. Rxg4 hxg4 25. Qxg4 Rh2 26. Ne6 Rh4 27. Qxh4 Qxe6 28. Rh1 Rc8 29. Qh7+ Kf7 30. Bxg7 Nxg7 31. Rf1+ Qf6 32. Rxf6+ Kxf6 33. Qh4+ 1-0

[Event "FSIM December 2022"]
[Site "Budapest HUN"]
[Date "2022.12.06"]
[Round "4.5"]
[White "Bodi, Ti"]
[Black "Ilincic, Z.."]
[Result "1-0"]
[WhiteElo "2314"]
[BlackElo "2314"]
[PlyCount "65"]
[EventDate "2022.12.03"]
[EventType "tourn"]
[EventRounds "9"]
[EventCountry "HUN"]
[EventCategory "2"]
[SourceTitle "The Week in Chess 1467"]
[Source "Mark Crowther"]
[SourceDate "2022.12.19"]
[SourceVersion "1"]
[SourceVersionDate "2022.12.19"]
[SourceQuality "2"]

1. Nf3 Nf6 2. e3 d5 3. c4 c6 4. b3 Bf5 5. Bb2 Nbd7 6. cxd5 cxd5 7. Nc3 a6 8. Nh4 Be6 9. Be2 b5 10. O-O Nb6 11. a4 b4 12. Na2 a5 13. Nf3 Bd7 14. Ne5 e6 15. f4 Bd6 16. g4 O-O 17. g5 Ne4 18. d3 Nc5 19. Ng4 f5 20. gxf6 gxf6 21. Rf3 Be8 22. Qe1 Ra7 23. Qh4 Rg7 24. Kh1 Nbd7 25. Rg1 Kh8 26. Rfg3 Bg6 27. Nxf6 Rxf6 28. Rxg6 Rgxg6 29. Rxg6 e5 30. fxe5 Rf1+ 31. Bxf1 Qxh4 32. exd6+ d4 33. Bxd4+ 1-0

[Event "GCT Superbet Romania 2023"]
[Site "Bucharest"]
[Date "2023.05.15"]
[Round "9.5"]
[White "Deac, Bogdan-Daniel"]
[Black "Ding, Liren"]
[Result "0-1"]
[WhiteElo "2700"]
[BlackElo "2789"]
[PlyCount "96"]
[EventDate "2023.??.??"]

1. d4 Nf6 2. c4 e6 3. Nf3 b6 4. g3 Ba6 5. Qc2 c5 6. d5 exd5 7. cxd5 Bb7 8. Bg2 Nxd5 9. O-O Be7 10. Rd1 Nc6 11. Qf5 Nf6 12. e4 g6 13. Qf4 O-O 14. e5 Nh5 15. Qc4 Qc7 16. Bh6 Na5 17. Qe2 Rfe8 18. Nc3 Rad8 19. Nd5 Bxd5 20. Rxd5 Ng7 21. Rad1 Ne6 22. h4 Nc6 23. h5 d6 24. exd6 Bxd6 25. Qc4 Ne7 26. R5d3 Nf5 27. Bc1 Ned4 28. Nxd4 Nxd4 29. a4 Qd7 30. Be3 Be5 31. hxg6 hxg6 32. Kf1 Kg7 33. a5 Qf5 34. Bc1 Rh8 35. axb6 axb6 36. f4 Rh2 37. R3d2 Rdh8 38. Qd5 Bf6 39. Qxf5 Nxf5 40. Rd3 c4 41. Ra3 b5 42. g4 Rh1+ 43. Bxh1 Rxh1+ 44. Ke2 Nd4+ 45. Rxd4 Bxd4 46. Ra1 b4 47. Kf3 Re1 48. f5 g5 0-1

[Event "23rd Dubai Open 2023"]
[Site "Dubai UAE"]
[Date "2023.06.01"]
[Round "6.12"]
[White "Gupta, Ab"]
[Black "Fawzy, Adham"]
[Result "1-0"]
[WhiteElo "2630"]
[BlackElo "2495"]
[PlyCount "79"]
[EventDate "2023.05.27"]
[EventType "swiss"]
[EventRounds "9"]
[EventCountry "UAE"]
[SourceTitle "The Week in Chess 1491"]
[Source "Mark Crowther"]
[SourceDate "2023.06.05"]
[SourceVersion "1"]
[SourceVersionDate "2023.06.05"]
[SourceQuality "2"]

1. d4 Nf6 2. c4 g6 3. Nc3 d5 4. Nf3 Bg7 5. cxd5 Nxd5 6. e4 Nxc3 7. bxc3 c5 8. Be3 Bg4 9. Rc1 Qa5 10. Qb3 O-O 11. d5 Bxf3 12. gxf3 Nd7 13. Be2 Rab8 14. O-O b5 15. f4 f5 16. e5 g5 17. e6 gxf4 18. Bxf4 Ne5 19. Kh1 Rbd8 20. Bxe5 Bxe5 21. f4 Bf6 22. Qc2 Kh8 23. Qxf5 Qxa2 24. Bf3 Bg7 25. Qg5 Bf6 26. Qh5 Qc4 27. Rce1 Qxf4 28. d6 Qh4 29. d7 Qxh5 30. Bxh5 b4 31. cxb4 cxb4 32. Rf3 a5 33. Ref1 Bg7 34. Rxf8+ Bxf8 35. Bd1 Bh6 36. Rf7 Bf8 37. Bc2 h6 38. Bb3 Kg8 39. Kg2 Rb8 40. Rf5 1-0

[Event "Biel Breisacher Memorial playoff"]
[Site "Biel"]
[Date "2013.08.02"]
[Round "1"]
[White "Ding, Liren"]
[Black "Vachier Lagrave, Maxime"]
[Result "0-1"]
[WhiteElo "2714"]
[BlackElo "2719"]
[PlyCount "74"]
[EventDate "2013.08.02"]
[EventType "k.o. (rapid)"]
[EventRounds "2"]
[EventCountry "SUI"]
[SourceTitle "CBM 156"]
[Source "ChessBase"]
[SourceDate "2013.09.17"]
[SourceVersion "1"]
[SourceVersionDate "2013.09.17"]
[SourceQuality "1"]

1. d4 Nf6 2. c4 g6 3. f3 Nc6 4. d5 Ne5 5. e4 d6 6. Nc3 Bg7 7. f4 Ned7 8. Nh3 e6 9. dxe6 fxe6 10. Be3 O-O 11. Be2 b6 12. Nf2 Bb7 13. Qc2 a6 14. O-O-O Qe7 15. h4 Nh5 16. Bxh5 gxh5 17. Nh3 Bxc3 18. bxc3 Nf6 19. Nf2 d5 20. Bd4 c5 21. Be5 Nd7 22. Nd3 Nxe5 23. Nxe5 Rxf4 24. exd5 exd5 25. Rhe1 Re4 26. Rxe4 dxe4 27. Nd7 Rd8 28. Qd2 Kg7 29. Qg5+ Qxg5+ 30. hxg5 e3 31. Nxb6 Rxd1+ 32. Kxd1 Bxg2 33. Ke2 Kg6 34. Kxe3 Kxg5 35. Nd7 h4 36. Nxc5 Bc6 37. Nd3 h3 0-1